MARC details
| 000 -LEADER |
| fixed length control field |
01892cam a2200385 a 4500 |
| 001 - CONTROL NUMBER |
| control field |
16799908 |
| 003 - CONTROL NUMBER IDENTIFIER |
| control field |
ARRUPE |
| 005 - DATE AND TIME OF LATEST TRANSACTION |
| control field |
20190522093306.0 |
| 008 - FIXED-LENGTH DATA ELEMENTS--GENERAL INFORMATION |
| fixed length control field |
110527s2011 enka b 001 0 eng d |
| 010 ## - LIBRARY OF CONGRESS CONTROL NUMBER |
| LC control number |
2011281830 |
| 020 ## - INTERNATIONAL STANDARD BOOK NUMBER |
| International Standard Book Number |
9780199559282 |
| 020 ## - INTERNATIONAL STANDARD BOOK NUMBER |
| International Standard Book Number |
0199559287 |
| 035 ## - SYSTEM CONTROL NUMBER |
| System control number |
(OCoLC)ocn679931094 |
| 040 ## - CATALOGING SOURCE |
| Original cataloging agency |
BTCTA |
| Language of cataloging |
eng |
| Transcribing agency |
BTCTA |
| Modifying agency |
YDXCP |
| -- |
WHP |
| -- |
VP@ |
| -- |
CDX |
| -- |
ITJCU |
| -- |
UAT |
| -- |
BWX |
| -- |
NLE |
| -- |
DLC |
| 042 ## - AUTHENTICATION CODE |
| Authentication code |
lccopycat |
| 050 00 - LIBRARY OF CONGRESS CALL NUMBER |
| Classification number |
BP75 |
| Item number |
.B66 2011 |
| 082 04 - DEWEY DECIMAL CLASSIFICATION NUMBER |
| Classification number |
297.63 |
| Edition number |
22 |
| 300 ## - PHYSICAL DESCRIPTION |
| Other physical details |
ill. ; |
| Dimensions |
18 cm. |
| 100 1# - MAIN ENTRY--PERSONAL NAME |
| Personal name |
Brown, Jonathan |
| Fuller form of name |
(Jonathan A. C.) |
| 9 (RLIN) |
46464 |
| 245 10 - TITLE STATEMENT |
| Title |
Muhammad : |
| Remainder of title |
a very short introduction / |
| Statement of responsibility, etc |
Jonathan A. C. Brown. |
| 260 ## - PUBLICATION, DISTRIBUTION, ETC. (IMPRINT) |
| Place of publication, distribution, etc |
Oxford ; |
| -- |
New York : |
| Name of publisher, distributor, etc |
Oxford University Press, |
| Date of publication, distribution, etc |
2011. |
| 300 ## - PHYSICAL DESCRIPTION |
| Extent |
xviii, 140 p. : |
| 490 1# - SERIES STATEMENT |
| Series statement |
Very short introductions ; |
| Volume number/sequential designation |
261 |
| 504 ## - BIBLIOGRAPHY, ETC. NOTE |
| Bibliography, etc |
Includes bibliographical references (p. 131-133) and index. |
| 520 ## - SUMMARY, ETC. |
| Summary, etc |
An introduction to the major aspects of Muhammad's life and its importance, providing both Muslim and Western historical perspectives. It explains the prominent roles that Muhammad's persona has played in the Islamic world throughout history, from the medieval to the modern period. |
| 600 00 - SUBJECT ADDED ENTRY--PERSONAL NAME |
| Personal name |
MuḼammad, |
| Titles and other words associated with a name |
Prophet, |
| Dates associated with a name |
-632. |
| 9 (RLIN) |
27518 |
| 650 #0 - SUBJECT ADDED ENTRY--TOPICAL TERM |
| Topical term or geographic name as entry element |
Islam |
| General subdivision |
Origin. |
| 9 (RLIN) |
46465 |
| 650 #0 - SUBJECT ADDED ENTRY--TOPICAL TERM |
| Topical term or geographic name as entry element |
Islam |
| General subdivision |
History. |
| 9 (RLIN) |
4864 |
| 651 #0 - SUBJECT ADDED ENTRY--GEOGRAPHIC NAME |
| Geographic name |
Islamic Empire |
| General subdivision |
History |
| Chronological subdivision |
622-661. |
| 9 (RLIN) |
46466 |
| 830 #0 - SERIES ADDED ENTRY--UNIFORM TITLE |
| Uniform title |
Very short introductions ; |
| Volume number/sequential designation |
261. |
| 9 (RLIN) |
46467 |
| 856 42 - ELECTRONIC LOCATION AND ACCESS |
| Materials specified |
Contributor biographical information |
| Uniform Resource Identifier |
<a href="http://www.loc.gov/catdir/enhancements/fy1114/2011281830-b.html">http://www.loc.gov/catdir/enhancements/fy1114/2011281830-b.html</a> |
| 856 42 - ELECTRONIC LOCATION AND ACCESS |
| Materials specified |
Publisher description |
| Uniform Resource Identifier |
<a href="http://www.loc.gov/catdir/enhancements/fy1114/2011281830-d.html">http://www.loc.gov/catdir/enhancements/fy1114/2011281830-d.html</a> |
| 856 41 - ELECTRONIC LOCATION AND ACCESS |
| Materials specified |
Table of contents only |
| Uniform Resource Identifier |
<a href="http://www.loc.gov/catdir/enhancements/fy1114/2011281830-t.html">http://www.loc.gov/catdir/enhancements/fy1114/2011281830-t.html</a> |
| 906 ## - LOCAL DATA ELEMENT F, LDF (RLIN) |
| a |
7 |
| b |
cbc |
| c |
copycat |
| d |
2 |
| e |
ncip |
| f |
20 |
| g |
y-gencatlg |
| 942 ## - ADDED ENTRY ELEMENTS (KOHA) |
| Source of classification or shelving scheme |
Library of Congress Classification |
| Koha item type |
Monograph ( Printed materials) |